[Event "Campinas Fazer op"]
[Site "Campinas"]
[Date "2015.03.22"]
[Round "6"]
[White "De Moraes, Francisco Jose Baen"]
[Black "Silva, Vinicius Parente"]
[Result "0-1"]
[WhiteElo "2011"]
[BlackElo "1709"]
[PlyCount "99"]
[EventDate "2015.03.20"]
[EventType "swiss"]
[EventRounds "6"]
[EventCountry "BRA"]
[SourceTitle "EXT 2018"]
[Source "ChessBase"]
[SourceDate "2017.10.13"]
[SourceVersion "1"]
[SourceVersionDate "2017.10.13"]
[SourceQuality "1"]

1. d4 Nf6 2. c4 c5 3. d5 e6 4. Nc3 exd5 5. cxd5 d6 6. e4 g6 7. f4 Bg7 8. Bb5+ Nfd7 9. a4 a6 10. Bd3 0-0 11. Nf3 Nf6 12. 0-0 Bg4 13. Qb3 Bxf3 14. Rxf3 Ng4 15. g3 Qc8 16. h3 Bd4+ 17. Kg2 Nf2 18. Rxf2 Bxf2 19. Kxf2 Qxh3 20. Bf1 Qh2+ 21. Bg2 Nd7 22. Qd1 Rfe8 23. Qh1 Qxh1 24. Bxh1 b6 25. Be3 Nf6 26. Bf3 h5 27. Re1 Ng4+ 28. Bxg4 hxg4 29. Bd2 f6 30. Re3 Rab8 31. Ke2 Rb7 32. Nd1 Rbe7 33. Nf2 f5 34. Bc3 b5 35. axb5 axb5 36. b3 Ra8 37. e5 Ra2+ 38. Bd2 Rb2 39. Nd1 Ra2 40. Nc3 Rb2 41. Nxb5 Rh7 42. Rd3 dxe5 43. fxe5 f4 44. gxf4 g3 45. Kf3 Rh2 46. Be3 g2 47. Bxc5 Rh3+ 48. Kg4 Rxd3 49. d6 Rbxb3 50. Nc7 0-1

[Event "Itatiba LCX 12th op U2200"]
[Site "Itatiba"]
[Date "2010.04.11"]
[Round "5"]
[White "Hengles, Roberto Carlos"]
[Black "De Moraes, Francisco Jose Baen"]
[Result "0-1"]
[WhiteElo "1931"]
[BlackElo "2007"]
[PlyCount "80"]
[EventDate "2010.04.09"]
[EventType "swiss"]
[EventRounds "5"]
[EventCountry "BRA"]
[SourceTitle "EXT 2022"]
[Source "ChessBase"]
[SourceDate "2021.10.06"]
[SourceVersion "1"]
[SourceVersionDate "2021.10.06"]
[SourceQuality "1"]

1. c4 e5 2. Nc3 Nf6 3. g3 d5 4. cxd5 Nxd5 5. Bg2 Nb6 6. Nf3 Nc6 7. 0-0 Be7 8. d3 Be6 9. Be3 0-0 10. Rc1 f5 11. a3 Qd7 12. b4 Bf6 13. Bc5 Rfe8 14. Nd2 Qf7 15. b5 Nd8 16. a4 e4 17. dxe4 Bxc3 18. Rxc3 f4 19. Bd4 Rc8 20. a5 Nc4 21. Nxc4 Bxc4 22. gxf4 Bxb5 23. Rg3 g6 24. f5 Nc6 25. Bc3 Rcd8 26. Qa1 Bxe2 27. fxg6 hxg6 28. Re1 Bh5 29. e5 Kh7 30. a6 Rf8 31. Qb2 Ne7 32. axb7 Nf5 33. Rh3 Nh6 34. e6 Qe7 35. Bb4 c5 36. Ba5 Rb8 37. Qc3 Ng4 38. Rf3 Nf6 39. Rh3 Ng4 40. Qd3 Nf6 0-1

[Event "Campinas 10"]
[Site "Campinas"]
[Date "2009.10.31"]
[Round "2"]
[White "Menezes Se, Daniel"]
[Black "De Moraes, Francisco Jose Baen"]
[Result "0-1"]
[WhiteElo "1608"]
[BlackElo "1985"]
[PlyCount "64"]
[EventDate "2009.10.30"]
[EventType "tourn"]
[EventRounds "5"]
[EventCountry "BRA"]
[SourceTitle "EXT 2012"]
[Source "ChessBase"]
[SourceDate "2011.11.24"]
[SourceVersion "1"]
[SourceVersionDate "2011.11.24"]
[SourceQuality "1"]

1. d4 Nf6 2. c4 g6 3. Nc3 Bg7 4. e4 d6 5. f3 0-0 6. Bg5 c5 7. d5 e6 8. Bd3 exd5 9. cxd5 Re8 10. Nge2 a6 11. a4 Nbd7 12. 0-0 Rb8 13. Bc2 Ne5 14. a5 b5 15. axb6 Qxb6 16. Ra2 h6 17. Bxf6 Bxf6 18. Kh1 Bg7 19. Qc1 c4 20. h3 Bd7 21. Ng3 Rec8 22. Qd1 Nd3 23. Bxd3 cxd3 24. Qxd3 Bxc3 25. bxc3 Bb5 26. Qd1 Bxf1 27. Qxf1 a5 28. Ra3 Qe3 29. Kh2 Rxc3 30. Ra1 Rb2 31. h4 Qf4 32. Kh3 g5 0-1

[Event "Campinas Fujishima Memorial"]
[Site "Campinas"]
[Date "2009.09.19"]
[Round "7"]
[White "De Moraes, Francisco Jose Baen"]
[Black "Goncalves, Marcus Vinicius M"]
[Result "0-1"]
[WhiteElo "1985"]
[BlackElo "1813"]
[PlyCount "94"]
[EventDate "2009.08.23"]
[EventType "tourn"]
[EventRounds "11"]
[EventCountry "BRA"]
[SourceTitle "EXT 2012"]
[Source "ChessBase"]
[SourceDate "2011.11.24"]
[SourceVersion "1"]
[SourceVersionDate "2011.11.24"]
[SourceQuality "1"]

1. d4 Nf6 2. Nf3 d6 3. Bg5 Nbd7 4. e3 g6 5. Be2 Bg7 6. 0-0 0-0 7. c4 e5 8. Nc3 h6 9. Bh4 Re8 10. dxe5 dxe5 11. Qc2 Nc5 12. Rad1 Ncd7 13. b4 a5 14. a3 c6 15. Ne4 Qc7 16. Nd6 Re6 17. c5 axb4 18. axb4 b6 19. Bc4 Re7 20. cxb6 Qxb6 21. Bxf6 Nxf6 22. Ra1 Rxa1 23. Rxa1 Be6 24. Bxe6 Rxe6 25. Ra8+ Bf8 26. Ne4 Qxb4 27. Nxf6+ Rxf6 28. h3 Re6 29. Nd2 Kg7 30. Ne4 f5 31. Ra7+ Re7 32. Rxe7+ Bxe7 33. Nd2 e4 34. Kf1 Bf6 35. g4 Bc3 36. Nb1 Qb5+ 37. Kg2 Be5 38. Nd2 Kf6 39. gxf5 gxf5 40. Nc4 Bc7 41. Nd2 c5 42. Nc4 Ke6 43. Nd2 Kd5 44. f3 Qe2+ 45. Kg1 Qxe3+ 46. Kf1 Qd3+ 47. Qxd3+ exd3 0-1

[Event "Campinas op 08"]
[Site "Campinas"]
[Date "2009.08.30"]
[Round "3"]
[White "De Moraes, Francisco Jose Baen"]
[Black "Chang, Suzana"]
[Result "1-0"]
[WhiteElo "1985"]
[BlackElo "2047"]
[PlyCount "87"]
[EventDate "2009.08.28"]
[EventType "swiss"]
[EventRounds "5"]
[EventCountry "BRA"]
[SourceTitle "EXT 2022"]
[Source "ChessBase"]
[SourceDate "2021.10.06"]
[SourceVersion "1"]
[SourceVersionDate "2021.10.06"]
[SourceQuality "1"]

1. e4 c5 2. Nf3 d6 3. d4 cxd4 4. Nxd4 Nf6 5. Nc3 a6 6. Be3 e5 7. Nb3 Be6 8. Be2 Be7 9. f3 Nbd7 10. 0-0 0-0 11. Nd5 Nxd5 12. exd5 Bf5 13. Bd3 Bg5 14. Bf2 Bg6 15. c4 Rc8 16. Bxg6 hxg6 17. Qd3 Qc7 18. h4 Bh6 19. g4 Bf4 20. c5 Nxc5 21. Nxc5 dxc5 22. Rad1 Qd6 23. Rfe1 Rfd8 24. a4 a5 25. Re4 Rd7 26. Qb5 b6 27. Rc4 Rcd8 28. b4 axb4 29. a5 bxa5 30. Qxa5 Qe7 31. Rxc5 e4 32. Rc4 e3 33. Be1 Bc7 34. Qxb4 Qe5 35. f4 e2 36. Rd3 Qa1 37. Kf2 Qf6 38. g5 Qf5 39. Re3 Qxd5 40. Rxe2 Qh1 41. Rce4 Qxh4+ 42. Kg2 Qg4+ 43. Bg3 Rf8 44. Qxf8+ 1-0

[Event "Campinas op 06"]
[Site "Campinas"]
[Date "2009.06.14"]
[Round "4"]
[White "Mazim, Matheus"]
[Black "De Moraes, Francisco Jose Baen"]
[Result "0-1"]
[WhiteElo "1814"]
[BlackElo "1985"]
[PlyCount "160"]
[EventDate "2009.06.12"]
[EventType "swiss"]
[EventRounds "5"]
[EventCountry "BRA"]
[SourceTitle "EXT 2012"]
[Source "ChessBase"]
[SourceDate "2011.11.24"]
[SourceVersion "1"]
[SourceVersionDate "2011.11.24"]
[SourceQuality "1"]

1. d4 d5 2. Nf3 Nf6 3. Bf4 c6 4. c3 Bf5 5. Nbd2 e6 6. e3 Nbd7 7. Be2 Be7 8. 0-0 0-0 9. Ne5 Nxe5 10. Bxe5 Nd7 11. Bg3 Qb6 12. b4 h6 13. a3 Qd8 14. a4 a5 15. b5 c5 16. Qb3 c4 17. Qb2 Nb6 18. h3 Bd6 19. Bxd6 Qxd6 20. f4 Bh7 21. Qa3 Qxa3 22. Rxa3 Rac8 23. Nf3 f6 24. Ra2 Rfe8 25. Bd1 Bd3 26. Rff2 Nd7 27. Ne1 Bb1 28. Rab2 Be4 29. Bg4 g6 30. h4 h5 31. Bh3 Nb6 32. Ra2 Rc7 33. Nf3 Kg7 34. Nd2 Bd3 35. g3 e5 36. Bf1 exd4 37. exd4 Re1 38. Kg2 Rc1 39. Ra3 Bc2 40. Rf3 Bxa4 41. Re3 Rc2 42. Re2 Rb2 43. Nf3 Rxe2+ 44. Bxe2 Re7 45. Kf2 Bxb5 46. Rxa5 Bc6 47. Ra2 Na4 48. Ra3 b5 49. Bd1 Rb7 50. Ke3 Ra7 51. Bxa4 Rxa4 52. Rxa4 bxa4 53. Kd2 Kf7 54. Ne1 Ke6 55. Nc2 Kf5 56. Ke3 Kg4 57. Kf2 Bd7 58. Ne3+ Kh3 59. Nxd5 a3 60. Nb4 Kg4 61. Nc2 a2 62. d5 Kf5 63. Ke3 Ba4 64. Na1 g5 65. fxg5 fxg5 66. hxg5 Kxg5 67. Kf3 Kf5 68. Ke3 Kg4 69. Kf2 Bd1 70. d6 Ba4 71. Kg2 Bc6+ 72. Kh2 Kf5 73. Kh3 Ke5 74. Kh4 Kxd6 75. Kxh5 Ke5 76. g4 Ke4 77. g5 Ke3 78. g6 Be8 79. Kh6 Bxg6 80. Kxg6 Kd2 0-1

[Event "Campinas LCX 14th"]
[Site "Campinas"]
[Date "2008.12.27"]
[Round "2"]
[White "Hengles, Roberto Carlos"]
[Black "De Moraes, Francisco Jose Baen"]
[Result "0-1"]
[WhiteElo "1970"]
[BlackElo "1966"]
[PlyCount "76"]
[EventDate "2008.12.26"]
[EventType "tourn"]
[EventRounds "5"]
[EventCountry "BRA"]
[SourceTitle "EXT 2022"]
[Source "ChessBase"]
[SourceDate "2021.10.06"]
[SourceVersion "1"]
[SourceVersionDate "2021.10.06"]
[SourceQuality "1"]

1. e4 c6 2. d4 d5 3. Nd2 dxe4 4. Nxe4 Bf5 5. Ng3 Bg6 6. h4 h6 7. Nf3 Nd7 8. h5 Bh7 9. Bd3 Bxd3 10. Qxd3 e6 11. Bf4 Qa5+ 12. Bd2 Qc7 13. 0-0-0 Ngf6 14. Ne4 0-0-0 15. g3 Nc5 16. Nxc5 Bxc5 17. Bf4 Bd6 18. Ne5 Nd5 19. Bd2 Bxe5 20. dxe5 Qxe5 21. Qa3 a6 22. c4 Nf6 23. Bf4 Qf5 24. Rd6 Qe4 25. Rhd1 Qxc4+ 26. Kb1 Nd5 27. Qa5 Rxd6 28. Bxd6 b6 29. Qe1 Rd8 30. b3 Qc3 31. Qe2 Rxd6 32. Qxa6+ Kd7 33. Qa7+ Nc7 34. Rc1 Qa5 35. Qb7 Qa6 36. Qb8 Rd2 37. a4 Qd3+ 38. Ka1 Qd4+ 0-1

[Event "Campinas LCX 13th"]
[Site "Campinas"]
[Date "2008.12.06"]
[Round "5"]
[White "Goncalves, Marcus Vinicius M"]
[Black "De Moraes, Francisco Jose Baen"]
[Result "0-1"]
[WhiteElo "1807"]
[BlackElo "1915"]
[PlyCount "82"]
[EventDate "2008.11.29"]
[EventType "tourn"]
[EventRounds "9"]
[EventCountry "BRA"]
[SourceTitle "EXT 2022"]
[Source "ChessBase"]
[SourceDate "2021.10.06"]
[SourceVersion "1"]
[SourceVersionDate "2021.10.06"]
[SourceQuality "1"]

1. d4 d5 2. c4 c6 3. Nc3 Nf6 4. Nf3 dxc4 5. e4 b5 6. Bg5 Qa5 7. Bxf6 exf6 8. a3 Be7 9. d5 0-0 10. dxc6 Nxc6 11. Be2 Rd8 12. Qc1 Nd4 13. Nxd4 Rxd4 14. 0-0 Bb7 15. f3 Bc5 16. Kh1 Rad8 17. Re1 a6 18. Bf1 Rd2 19. Nd5 Bxd5 20. exd5 R2xd5 21. a4 Qb6 22. axb5 axb5 23. Qf4 g6 24. Rac1 Bf2 25. Re2 Rd1 26. g3 R1d4 27. Re4 f5 28. Rxd4 Qxd4 29. Qxd4 Rxd4 30. Rc2 Be3 31. Kg2 f4 32. g4 Rd1 33. Be2 Rg1+ 34. Kh3 Rb1 35. Kg2 Bd4 36. Rd2 Rxb2 37. Rxd4 Rxe2+ 38. Kf1 Rb2 39. Rxf4 c3 40. Ke1 Rb1+ 41. Ke2 c2 0-1

[Event "Campinas IRT LCX 10th"]
[Site "Campinas"]
[Date "2008.08.11"]
[Round "9"]
[White "De Moraes, Francisco Jose Baen"]
[Black "Deus Filho, Joaquim"]
[Result "1-0"]
[WhiteElo "1953"]
[BlackElo "2061"]
[PlyCount "83"]
[EventDate "2008.08.01"]
[EventType "tourn"]
[EventRounds "11"]
[EventCountry "BRA"]
[SourceTitle "EXT 2022"]
[Source "ChessBase"]
[SourceDate "2021.10.06"]
[SourceVersion "1"]
[SourceVersionDate "2021.10.06"]
[SourceQuality "1"]

1. d4 d5 2. c4 Bf5 3. Nc3 c6 4. Nf3 e6 5. e3 Nd7 6. Bd3 Bxd3 7. Qxd3 f5 8. 0-0 Bd6 9. cxd5 cxd5 10. Nb5 Bb8 11. Bd2 a6 12. Nc3 Ngf6 13. g3 Ne4 14. Be1 g5 15. Nd2 g4 16. Ndxe4 fxe4 17. Nxe4 dxe4 18. Qxe4 Qb6 19. Qxg4 Nf6 20. Qg5 Rf8 21. Rc1 Bd6 22. Bc3 Be7 23. f3 Rg8 24. Qe5 Qd6 25. Qxd6 Bxd6 26. e4 Bf4 27. Rcd1 Nd7 28. Kf2 Bd6 29. f4 0-0-0 30. e5 Be7 31. d5 exd5 32. Rxd5 Nb6 33. Rxd8+ Rxd8 34. Ba5 Bc5+ 35. Ke2 Rd5 36. Rc1 Kd7 37. b4 Bd4 38. Kf3 Bb2 39. Rc2 Bxe5 40. fxe5 Rb5 41. Bxb6 Rxb6 42. a3 1-0